Statistical Methods (Record no. 1334)

MARC details
000 -LEADER
fixed length control field 00387nam a22001697a 4500
005 - DATE AND TIME OF LATEST TRANSACTION
control field 20180530114645.0
008 - FIXED-LENGTH DATA ELEMENTS--GENERAL INFORMATION
fixed length control field 160521b xxu||||| |||| 00| 0 eng d
020 ## - INTERNATIONAL STANDARD BOOK NUMBER
ISBN 978-0-07-008327-1
041 ## - LANGUAGE CODE
Language code of text/sound track or separate title eng
082 ## - DEWEY DECIMAL CLASSIFICATION NUMBER
Item number 3872
Classification number 519.5
100 ## - MAIN ENTRY--AUTHOR NAME
Personal name Das N.G.
245 ## - TITLE STATEMENT
Title Statistical Methods
260 ## - PUBLICATION, DISTRIBUTION, ETC. (IMPRINT)
Place of publication New Delhi
Name of publisher TMH,
300 ## - PHYSICAL DESCRIPTION
Number of Pages 907
650 ## - SUBJECT ADDED ENTRY--TOPICAL TERM
Topical Term Management
942 ## - ADDED ENTRY ELEMENTS (KOHA)
Koha item type Books
Holdings
Lost status Damaged status Collection code Home library Current library Shelving location Date acquired Full call number Accession Number Koha item type
    MANAGEMENT JRU Library JRU Library SHELF-74-D 21/05/2016 519.5 3872 Books
    MANAGEMENT JRU Library JRU Library SHELF-74-D 21/05/2016 519.5 3873 Books
    MANAGEMENT JRU Library JRU Library SHELF-42-J 21/05/2016 519.5 3874 Books
    MANAGEMENT JRU Library JRU Library SHELF-74-D 21/05/2016 519.5 3875 Books
    MANAGEMENT JRU Library JRU Library SHELF-74-D 21/05/2016 519.5 3876 Books
      JRU Library   Shelf - 12 - I 21/05/2016 519.5 3877 Books
    MANAGEMENT JRU Library JRU Library SHELF-74-D 21/05/2016 519.5 3878 Books
    MANAGEMENT JRU Library JRU Library SHELF-74-D 21/05/2016 519.5 3879 Books
    MANAGEMENT JRU Library JRU Library SHELF-74-D 21/05/2016 519.5 3880 Books
    MANAGEMENT JRU Library JRU Library SHELF-74-D 21/05/2016 519.5 3881 Books